[Event "2. Bundesliga West 2005/2006"]
[Site "AUT"]
[Date "2005.12.03"]
[Round "4"]
[White "Herbrechtsmeier, Christof"]
[Black "Blaskowski, Johannes"]
[Result "0-1"]
[WhiteElo "2286"]
[BlackElo "2366"]
[PlyCount "78"]
[EventDate "2005.10.??"]
[EventType "team"]
[EventRounds "11"]
[EventCountry "AUT"]
[WhiteTeam "Bregenz X"]
[BlackTeam "Woergl IV"]
[WhiteTeamCountry "AUT"]
[BlackTeamCountry "AUT"]

1. e4 c5 2. Nf3 e6 3. d4 cxd4 4. Nxd4 Qb6 5. Nb3 Qc7 6. Bd3 Nf6 7. f4 d6 8. Be3
Be7 9. Qf3 Nc6 10. Nc3 a6 11. O-O O-O 12. g4 b5 13. Qh3 e5 14. Nd5 Qd8 15. f5
Ne8 16. Qh5 h6 17. Rf3 Nf6 18. Nxf6+ Bxf6 19. Raf1 Bg5 20. f6 g6 21. Qh3 Bxe3+
22. Rxe3 Kh7 23. Kg2 Rh8 24. Qg3 Be6 25. h4 Nb4 26. Nd2 Qc8 27. Be2 Qxc2 28.
Qe1 Qxb2 29. Bd1 Nc2 30. Bxc2 Qxc2 31. Rf2 Bxg4 32. Rg3 Qc7 33. Nf1 Be6 34. h5
g5 35. Ne3 Rhg8 36. Qd2 Qc5 37. Nd5 Bxd5 38. exd5 Rac8 39. Kh2 Qc4 0-1

[Event "2. Bundesliga West 2005/2006"]
[Site "AUT"]
[Date "2005.12.03"]
[Round "4"]
[White "Neuschmied, Siegfried"]
[Black "Gattenloehner, Sebastian"]
[Result "1-0"]
[WhiteElo "2251"]
[BlackElo "2214"]
[PlyCount "51"]
[EventDate "2005.10.??"]
[EventType "team"]
[EventRounds "11"]
[EventCountry "AUT"]
[WhiteTeam "Woergl IV"]
[BlackTeam "Bregenz X"]
[WhiteTeamCountry "AUT"]
[BlackTeamCountry "AUT"]

1. e4 c5 2. Nf3 e6 3. c4 Nc6 4. Nc3 a6 5. Be2 Qc7 6. O-O Bd6 7. h3 Nge7 8. d4
cxd4 9. Nxd4 Nxd4 10. Qxd4 O-O 11. Be3 Ng6 12. Rfd1 Bh2+ 13. Kh1 Bf4 14. c5 Rb8
15. Na4 f5 16. exf5 Rxf5 17. Bg4 Bxe3 18. Qxe3 Re5 19. Qg3 Qa5 20. b3 d5 21.
Bh5 Qc7 22. Bxg6 hxg6 23. Nb6 a5 24. Rd3 d4 25. Rc1 g5 26. Rxd4 1-0

[Event "2. Bundesliga West 2005/2006"]
[Site "AUT"]
[Date "2005.12.03"]
[Round "4"]
[White "Atlas, Dimitry"]
[Black "Eiler, Gebhard"]
[Result "1-0"]
[WhiteElo "2330"]
[BlackElo "2096"]
[PlyCount "71"]
[EventDate "2005.10.??"]
[EventType "team"]
[EventRounds "11"]
[EventCountry "AUT"]
[WhiteTeam "Hohenems V"]
[BlackTeam "Lochau XII"]
[WhiteTeamCountry "AUT"]
[BlackTeamCountry "AUT"]

1. e4 c5 2. c3 e5 3. Nf3 Nc6 4. Bc4 Be7 5. d4 exd4 6. cxd4 cxd4 7. O-O Nf6 8.
e5 Ng4 9. Bf4 g5 10. Bg3 h5 11. h3 Nh6 12. Nxd4 g4 13. Nc3 Bc5 14. Nxc6 dxc6
15. Qxd8+ Kxd8 16. Ne4 Bb6 17. Rad1+ Ke8 18. e6 Bxe6 19. Bxe6 fxe6 20. Be5 Nf7
21. Bxh8 Nxh8 22. hxg4 hxg4 23. Nf6+ Ke7 24. Nxg4 Ng6 25. g3 Rg8 26. Kg2 Nf4+
27. gxf4 Rxg4+ 28. Kf3 Rg6 29. Rg1 Rf6 30. Rg7+ Kf8 31. Rxb7 e5 32. Ke4 Rxf4+
33. Kxe5 Rxf2 34. Rdd7 Ke8 35. Rh7 Rf8 36. Rb8+ 1-0

[Event "2. Bundesliga West 2005/2006"]
[Site "AUT"]
[Date "2005.12.03"]
[Round "4"]
[White "Burschowsky, Matthias"]
[Black "Heinritz, Dietmar"]
[Result "1-0"]
[WhiteElo "2176"]
[BlackElo "1899"]
[PlyCount "115"]
[EventDate "2005.10.??"]
[EventType "team"]
[EventRounds "11"]
[EventCountry "AUT"]
[WhiteTeam "Hohenems V"]
[BlackTeam "Lochau XII"]
[WhiteTeamCountry "AUT"]
[BlackTeamCountry "AUT"]

1. Nf3 Nf6 2. c4 c5 3. g3 b6 4. Bg2 Bb7 5. O-O e6 6. Nc3 Be7 7. a3 O-O 8. Rb1
d5 9. cxd5 Nxd5 10. Nxd5 Bxd5 11. b4 cxb4 12. axb4 Nd7 13. d3 a5 14. bxa5 bxa5
15. e4 Bc6 16. Nd4 Rc8 17. Nxc6 Rxc6 18. Qa4 Rd6 19. d4 e5 20. d5 Ra6 21. Be3
Ra8 22. Rfc1 Bb4 23. Bh3 Nf6 24. f3 h6 25. Bc5 Bxc5+ 26. Rxc5 Ra7 27. Ra1 Qb6
28. Qb5 Qxb5 29. Rxb5 a4 30. Ra3 Rfa8 31. Rb4 Ne8 32. f4 f6 33. Kf2 Nd6 34. Ke3
Ra5 35. Bf1 Kf7 36. Be2 Ke7 37. Bd3 R5a7 38. Bc2 Nb5 39. Raxa4 Rxa4 40. Bxa4
Nd4 41. Kd3 Kd6 42. fxe5+ fxe5 43. Bd1 Ra1 44. Bh5 Ra3+ 45. Kc4 Kc7 46. Rb2 Re3
47. Bg6 Ra3 48. Rf2 Ra4+ 49. Kc5 Ra5+ 50. Kb4 Rb5+ 51. Kc4 Rb7 52. Rf7+ Kb6 53.
Rxb7+ Kxb7 54. Kc5 Kc7 55. d6+ Kd7 56. Kd5 Nf3 57. h4 Nd2 58. Bf5+ 1-0

[Event "2. Bundesliga West 2005/2006"]
[Site "AUT"]
[Date "2005.12.03"]
[Round "4"]
[White "Kanonier, Klemens"]
[Black "Gaertner, Guntram"]
[Result "0-1"]
[WhiteElo "2100"]
[BlackElo "2368"]
[PlyCount "60"]
[EventDate "2005.10.??"]
[EventType "team"]
[EventRounds "11"]
[EventCountry "AUT"]
[WhiteTeam "Lochau XII"]
[BlackTeam "Hohenems V"]
[WhiteTeamCountry "AUT"]
[BlackTeamCountry "AUT"]

1. d4 Nf6 2. c4 e6 3. Nc3 Bb4 4. Qc2 c5 5. dxc5 O-O 6. a3 Bxc5 7. Nf3 Nc6 8. b4
Be7 9. e4 d6 10. Bd3 a5 11. b5 Ne5 12. Nxe5 dxe5 13. O-O b6 14. Bb2 Bb7 15. h3
Qc7 16. Qe2 Bc5 17. Kh1 Bd4 18. Rad1 Rfd8 19. f4 exf4 20. Nd5 exd5 21. Bxd4
dxe4 22. Bxf6 Rxd3 23. Rxd3 f3 24. gxf3 exd3 25. Qg2 g6 26. Qg5 Qd6 27. Be5 Qe6
28. Kh2 Re8 29. f4 f6 30. Qh6 d2 0-1

[Event "2. Bundesliga West 2005/2006"]
[Site "AUT"]
[Date "2005.12.03"]
[Round "4"]
[White "Mayr, Manfred"]
[Black "Grabher, Heinz"]
[Result "0-1"]
[WhiteElo "2141"]
[BlackElo "2279"]
[PlyCount "84"]
[EventDate "2005.10.??"]
[EventType "team"]
[EventRounds "11"]
[EventCountry "AUT"]
[WhiteTeam "Lochau XII"]
[BlackTeam "Hohenems V"]
[WhiteTeamCountry "AUT"]
[BlackTeamCountry "AUT"]

1. Nf3 Nc6 2. g3 e5 3. d3 d5 4. Bg2 Nf6 5. O-O Bc5 6. c3 O-O 7. Qc2 a5 8. a4 h6
9. e4 dxe4 10. dxe4 Qe7 11. Re1 Ng4 12. Re2 Be6 13. h3 Nf6 14. Be3 Bc4 15. Bxc5
Qxc5 16. Rd2 Rad8 17. Rxd8 Rxd8 18. Ne1 Qb6 19. Nd2 Be6 20. Bf1 Ne7 21. Nc4 Qc5
22. b3 Bxc4 23. Bxc4 Nc8 24. Kg2 Qc6 25. f3 Nd6 26. Rd1 Re8 27. Be2 Qb6 28. Bf1
h5 29. Nd3 h4 30. g4 Nh7 31. Nb2 Ng5 32. Re1 Ne6 33. Nc4 Nf4+ 34. Kh2 Nxc4 35.
Bxc4 Rd8 36. Rf1 Qe3 37. Rf2 Rd1 38. Bf1 Rc1 39. Qb2 Qxc3 40. Qa2 Qe3 41. Bc4
Nd3 42. Qd2 Qxf2+ 0-1

[Event "2. Bundesliga West 2005/2006"]
[Site "AUT"]
[Date "2005.12.03"]
[Round "4"]
[White "Mrva, Martin"]
[Black "Novkovic, Milan"]
[Result "1-0"]
[WhiteElo "2490"]
[BlackElo "2402"]
[PlyCount "140"]
[EventDate "2005.10.??"]
[EventType "team"]
[EventRounds "11"]
[EventCountry "AUT"]
[WhiteTeam "Lochau XII"]
[BlackTeam "Hohenems V"]
[WhiteTeamCountry "AUT"]
[BlackTeamCountry "AUT"]

1. e4 e6 2. d3 d5 3. Nd2 c5 4. Ngf3 Nc6 5. g3 Nge7 6. Bg2 b6 7. O-O Bb7 8. Re1
h6 9. b3 d4 10. h4 g6 11. h5 g5 12. Nh2 Qc7 13. a4 a6 14. Nc4 b5 15. Na3 bxa4
16. bxa4 Bg7 17. Rb1 Rb8 18. Nc4 Ne5 19. Nxe5 Bxe5 20. Ng4 Nc6 21. Ba3 Bd6 22.
e5 Be7 23. Be4 Nb4 24. Bc1 Bxe4 25. Rxe4 Nd5 26. Bd2 Rxb1 27. Qxb1 Qb6 28. Qa1
Kf8 29. Re1 Kg7 30. Kh2 Kh7 31. Rg1 Qc6 32. a5 Rb8 33. Qe1 Nb4 34. Qd1 Rg8 35.
Re1 Qd5 36. Re4 Nc6 37. Qf3 Rf8 38. Kg2 Bd8 39. Nf6+ Bxf6 40. Qxf6 Qd8 41. f4
g4 42. Bc1 Nb4 43. f5 Qxf6 44. exf6 exf5 45. Re5 Nxc2 46. Rxc5 Ne1+ 47. Kf1
Nxd3 48. Rc7 Nxc1 49. Rxc1 Re8 50. Rc7 Kg8 51. Re7 Rc8 52. Re5 Rc3 53. Rxf5
Rxg3 54. Kf2 Rh3 55. Rf4 Rxh5 56. Rxg4+ Rg5 57. Rxd4 Rxa5 58. Rd6 Ra3 59. Kg2
Kh7 60. Rc6 Kg6 61. Kh2 Kg5 62. Kg2 a5 63. Kh2 a4 64. Kg2 Rb3 65. Ra6 a3 66.
Kh2 Kf5 67. Kg2 Ke5 68. Kh2 Kd4 69. Ra7 Rb2+ 70. Kg3 a2 1-0

[Event "2. Bundesliga West 2005/2006"]
[Site "AUT"]
[Date "2005.12.03"]
[Round "4"]
[White "Enigl, Karl"]
[Black "Jedinger, Andreas"]
[Result "1/2-1/2"]
[WhiteElo "2122"]
[BlackElo "2128"]
[PlyCount "90"]
[EventDate "2005.10.??"]
[EventType "team"]
[EventRounds "11"]
[EventCountry "AUT"]
[WhiteTeam "Mozart 1910 VI"]
[BlackTeam "Innsbruck Rochade III"]
[WhiteTeamCountry "AUT"]
[BlackTeamCountry "AUT"]

1. c4 e5 2. Nc3 Bb4 3. Qc2 Nf6 4. e3 Nc6 5. Nf3 O-O 6. Nd5 Be7 7. a3 d6 8. Bd3
h6 9. Nxf6+ Bxf6 10. Be4 Bd7 11. O-O Rb8 12. b4 Ne7 13. Bb2 c6 14. d4 exd4 15.
Bxd4 Bxd4 16. Nxd4 d5 17. cxd5 cxd5 18. Bf3 Qb6 19. Qb3 Be6 20. Rac1 Rbc8 21.
Qb2 Rxc1 22. Rxc1 Rc8 23. Rxc8+ Nxc8 24. Qc3 Nd6 25. h3 Nb5 26. Nxb5 Qxb5 27.
Qe5 Qa4 28. Qc3 b6 29. Be2 Qd7 30. Bd3 Qd6 31. Bc2 Qd8 32. Bd3 Qd6 33. Bc2 Qd8
34. Qc6 Qb8 35. f4 Qc8 36. Qxc8+ Bxc8 37. Bb3 Bb7 38. Kf2 Kf8 39. g3 Ke7 40.
Ke2 Kd6 41. Kd3 f6 42. Kd4 Bc6 43. h4 a5 44. Bd1 axb4 45. axb4 Bd7 1/2-1/2

[Event "2. Bundesliga West 2005/2006"]
[Site "AUT"]
[Date "2005.12.03"]
[Round "4"]
[White "Fuchs, Georg"]
[Black "Hamberger, Hermann"]
[Result "1/2-1/2"]
[WhiteElo "2237"]
[BlackElo "2129"]
[PlyCount "26"]
[EventDate "2005.10.??"]
[EventType "team"]
[EventRounds "11"]
[EventCountry "AUT"]
[WhiteTeam "Innsbruck Rochade III"]
[BlackTeam "Mozart 1910 VI"]
[WhiteTeamCountry "AUT"]
[BlackTeamCountry "AUT"]

1. e4 c5 2. Nf3 d6 3. d4 cxd4 4. Nxd4 Nf6 5. Nc3 g6 6. g3 Bg7 7. Bg2 O-O 8. O-O
Bg4 9. f3 Bd7 10. h3 Nc6 11. Nde2 b5 12. f4 b4 13. Nb1 Qb6+ 1/2-1/2

[Event "2. Bundesliga West 2005/2006"]
[Site "AUT"]
[Date "2005.12.03"]
[Round "4"]
[White "Heinzel, Olaf"]
[Black "Opl, Klaus"]
[Result "1-0"]
[WhiteElo "2401"]
[BlackElo "2333"]
[PlyCount "67"]
[EventDate "2005.10.??"]
[EventType "team"]
[EventRounds "11"]
[EventCountry "AUT"]
[WhiteTeam "Innsbruck Rochade III"]
[BlackTeam "Mozart 1910 VI"]
[WhiteTeamCountry "AUT"]
[BlackTeamCountry "AUT"]

1. d4 Nf6 2. Nf3 e6 3. Bf4 d5 4. e3 c5 5. c3 Nc6 6. Nbd2 Bd6 7. Bg3 Bxg3 8.
hxg3 Qd6 9. Bb5 Bd7 10. Bxc6 Bxc6 11. Ne5 cxd4 12. exd4 Rc8 13. Qf3 Rc7 14. g4
Ne4 15. Nxe4 dxe4 16. Qe3 Bd5 17. g5 g6 18. Qf4 Qb6 19. Qf6 Rf8 20. O-O-O Bxa2
21. Rxh7 Qa5 22. Kd2 Qb5 23. b4 Qd5 24. Rh8 e3+ 25. Ke2 Qb5+ 26. Kxe3 Rxh8 27.
Qxh8+ Ke7 28. Qf6+ Kd6 29. Qd8+ Rd7 30. Qxd7+ Qxd7 31. Nxd7 Kxd7 32. Ra1 Bd5
33. Rxa7 Bxg2 34. f3 1-0

[Event "2. Bundesliga West 2005/2006"]
[Site "AUT"]
[Date "2005.12.03"]
[Round "4"]
[White "Muehlbacher, Bernhard"]
[Black "Hicker, Harald"]
[Result "1/2-1/2"]
[WhiteElo "2116"]
[BlackElo "2179"]
[PlyCount "70"]
[EventDate "2005.10.??"]
[EventType "team"]
[EventRounds "11"]
[EventCountry "AUT"]
[WhiteTeam "Innsbruck Rochade III"]
[BlackTeam "Mozart 1910 VI"]
[WhiteTeamCountry "AUT"]
[BlackTeamCountry "AUT"]

1. c4 c5 2. Nc3 Nc6 3. g3 g6 4. Bg2 Bg7 5. e3 d6 6. Nge2 e5 7. d3 Nge7 8. Rb1
O-O 9. O-O Rb8 10. a3 a6 11. b4 cxb4 12. axb4 b5 13. cxb5 axb5 14. d4 exd4 15.
exd4 Bf5 16. Rb3 Qd7 17. Re1 d5 18. Bf4 Rb6 19. Qd2 Ra8 20. h4 h5 21. Kh2 Be6
22. Rb2 Nf5 23. Be3 Nxe3 24. fxe3 Ne7 25. Nf4 Ra3 26. Ra2 Rba6 27. Rea1 Rxa2
28. Rxa2 Rxa2 29. Qxa2 Bh6 30. Qa8+ Kg7 31. Ncxd5 Nxd5 32. Nxd5 Bxd5 33. Qxd5
Qxd5 34. Bxd5 Bxe3 35. Bc6 Bxd4 1/2-1/2

[Event "2. Bundesliga West 2005/2006"]
[Site "AUT"]
[Date "2005.12.03"]
[Round "4"]
[White "Peterwagner, Heinz"]
[Black "Deglmann, Ludwig"]
[Result "1/2-1/2"]
[WhiteElo "2216"]
[BlackElo "2378"]
[PlyCount "81"]
[EventDate "2005.10.??"]
[EventType "team"]
[EventRounds "11"]
[EventCountry "AUT"]
[WhiteTeam "Mozart 1910 VI"]
[BlackTeam "Innsbruck Rochade III"]
[WhiteTeamCountry "AUT"]
[BlackTeamCountry "AUT"]

1. e4 g6 2. d4 Bg7 3. Be3 d6 4. Nc3 a6 5. Qd2 Nd7 6. O-O-O b5 7. h4 h5 8. f3
Bb7 9. Nh3 Rc8 10. Ng5 c5 11. g4 cxd4 12. Bxd4 Ngf6 13. gxh5 Rxh5 14. Bh3 e5
15. Be3 Bf8 16. f4 Rxg5 17. hxg5 Nxe4 18. Nxe4 Bxe4 19. c3 b4 20. Bg2 bxc3 21.
bxc3 Bxg2 22. Qxg2 Rxc3+ 23. Kd2 Qa5 24. Ke2 Qxa2+ 25. Rd2 Qc4+ 26. Kf2 Bg7 27.
Rxd6 Rc2+ 28. Rd2 exf4 29. Re1 Be5 30. Kg1 Rxd2 31. Bxd2 Qd4+ 32. Kf1 Qd3+ 33.
Qe2 Qh3+ 34. Qg2 Qd3+ 35. Qe2 Qh3+ 36. Qg2 Qxg2+ 37. Kxg2 Ke7 38. Bxf4 Ke6 39.
Bxe5 Nxe5 40. Ra1 Kf5 41. Rxa6 1/2-1/2

[Event "2. Bundesliga West 2005/2006"]
[Site "AUT"]
[Date "2005.12.03"]
[Round "4"]
[White "Schmidt, Georg"]
[Black "Bromberger, Stefan"]
[Result "1/2-1/2"]
[WhiteElo "2363"]
[BlackElo "2478"]
[PlyCount "39"]
[EventDate "2005.10.??"]
[EventType "team"]
[EventRounds "11"]
[EventCountry "AUT"]
[WhiteTeam "Mozart 1910 VI"]
[BlackTeam "Innsbruck Rochade III"]
[WhiteTeamCountry "AUT"]
[BlackTeamCountry "AUT"]

1. e4 c5 2. Nf3 e6 3. d4 cxd4 4. Nxd4 Nf6 5. Nc3 Nc6 6. Ndb5 d6 7. Bf4 e5 8.
Bg5 a6 9. Na3 b5 10. Bxf6 gxf6 11. Nd5 f5 12. Bd3 Be6 13. O-O Bxd5 14. exd5 Ne7
15. c3 Bg7 16. Qh5 e4 17. Bc2 O-O 18. Rae1 Qc8 19. Kh1 Rb8 20. Bb1 1/2-1/2

[Event "2. Bundesliga West 2005/2006"]
[Site "AUT"]
[Date "2005.12.03"]
[Round "4"]
[White "Bensch, Patrick"]
[Black "Hugentobler, Patrick"]
[Result "0-1"]
[WhiteElo "2293"]
[BlackElo "2234"]
[PlyCount "122"]
[EventDate "2005.10.??"]
[EventType "team"]
[EventRounds "11"]
[EventCountry "AUT"]
[WhiteTeam "Ranshofen IX"]
[BlackTeam "Lustenau VII"]
[WhiteTeamCountry "AUT"]
[BlackTeamCountry "AUT"]

1. e4 Nf6 2. e5 Nd5 3. d4 d6 4. c4 Nb6 5. exd6 cxd6 6. Nc3 g6 7. Be3 Bg7 8. Rc1
O-O 9. b3 e5 10. dxe5 dxe5 11. Qxd8 Rxd8 12. c5 N6d7 13. Bc4 Nc6 14. Nf3 h6 15.
O-O Nf8 16. Rfd1 Be6 17. Nd5 Rd7 18. Rd2 Rad8 19. Rcd1 Kh7 20. Ne1 Nd4 21. Bxd4
exd4 22. Nf4 Bxc4 23. bxc4 g5 24. Nh5 Ne6 25. Nxg7 Kxg7 26. Nd3 Rc8 27. Kf1
Nxc5 28. Nxc5 Rxc5 29. Rxd4 Rdc7 30. Rb1 Rxc4 31. Rxc4 Rxc4 32. Rxb7 Rc1+ 33.
Ke2 Rc2+ 34. Kf3 Rxa2 35. g4 a5 36. Ra7 Ra4 37. Kg3 Ra1 38. Kg2 a4 39. h4 gxh4
40. Kh3 a3 41. Kh2 a2 42. f3 h3 43. Ra6 Kf8 44. Ra7 Ke8 45. Ra8+ Kd7 46. Ra7+
Kd6 47. Ra6+ Ke5 48. Ra5+ Kf4 49. Ra7 f6 50. Ra6 Kg5 51. Ra5+ Kg6 52. Ra6 h5
53. gxh5+ Kxh5 54. Ra5+ Kg6 55. Ra6 Kf5 56. Ra4 Ke5 57. Re4+ Kd5 58. Ra4 f5 59.
Ra5+ Kd4 60. Ra6 Ke3 61. Ra3+ Kf2 0-1

[Event "2. Bundesliga West 2005/2006"]
[Site "AUT"]
[Date "2005.12.03"]
[Round "4"]
[White "Doskocil, Klaus"]
[Black "Dovzik, Juri"]
[Result "0-1"]
[WhiteElo "2196"]
[BlackElo "2405"]
[PlyCount "82"]
[EventDate "2005.10.??"]
[EventType "team"]
[EventRounds "11"]
[EventCountry "AUT"]
[WhiteTeam "Lustenau VII"]
[BlackTeam "Ranshofen IX"]
[WhiteTeamCountry "AUT"]
[BlackTeamCountry "AUT"]

1. e4 e6 2. d3 d5 3. Nc3 Nf6 4. e5 d4 5. exf6 dxc3 6. fxg7 Bxg7 7. b3 c5 8. Be3
b6 9. Qg4 Kf8 10. h4 Nc6 11. Nf3 Nd4 12. Nxd4 cxd4 13. Bc1 h5 14. Qg3 Bb7 15.
Be2 Qf6 16. Bg5 Qf5 17. Qc7 Bd5 18. Be7+ Kg8 19. Rh3 Rh6 20. Rf3 Bxf3 21. Bxf3
Re8 22. O-O-O Qa5 23. a4 Bf8 24. Bg5 Rg6 25. Qc4 Qe5 26. Qc6 Rxg5 27. hxg5
Qxg5+ 28. Kb1 Qe7 29. Qb5 f5 30. b4 Rc8 31. Ka2 Qd6 32. Rb1 a5 33. Rb3 axb4 34.
Qa6 Rc7 35. Qa8 Qd7 36. Bxh5 Rc8 37. Qf3 Qxa4+ 38. Kb1 Qxb3+ 39. cxb3 c2+ 40.
Ka2 c1=Q 41. Qg3+ Bg7 0-1

[Event "2. Bundesliga West 2005/2006"]
[Site "AUT"]
[Date "2005.12.03"]
[Round "4"]
[White "Maier, Peter"]
[Black "Hackbarth, Wolfgang"]
[Result "1-0"]
[WhiteElo "2178"]
[BlackElo "2135"]
[PlyCount "63"]
[EventDate "2005.10.??"]
[EventType "team"]
[EventRounds "11"]
[EventCountry "AUT"]
[WhiteTeam "Lustenau VII"]
[BlackTeam "Ranshofen IX"]
[WhiteTeamCountry "AUT"]
[BlackTeamCountry "AUT"]

1. d4 Nf6 2. c4 g6 3. f3 d6 4. e4 Bg7 5. Nc3 Nbd7 6. Be3 O-O 7. Qd2 c5 8. d5
Re8 9. h4 h5 10. Nh3 Ne5 11. Nf2 a6 12. Be2 Bd7 13. a4 Qa5 14. Ncd1 Qxd2+ 15.
Bxd2 b5 16. axb5 axb5 17. Rxa8 Rxa8 18. cxb5 c4 19. b6 Rb8 20. Be3 e6 21. Nc3
exd5 22. exd5 Bf5 23. Kd2 Ned7 24. g4 Bd3 25. Bxd3 cxd3 26. g5 Ne8 27. Na4 Ne5
28. f4 Nc4+ 29. Kxd3 Nxb2+ 30. Nxb2 Bxb2 31. Rb1 Ba3 32. Rb3 1-0

[Event "2. Bundesliga West 2005/2006"]
[Site "AUT"]
[Date "2005.12.03"]
[Round "4"]
[White "Medvegy, Zoltan"]
[Black "Ginsburg, Gennadij"]
[Result "1-0"]
[WhiteElo "2478"]
[BlackElo "2513"]
[PlyCount "79"]
[EventDate "2005.10.??"]
[EventType "team"]
[EventRounds "11"]
[EventCountry "AUT"]
[WhiteTeam "Ranshofen IX"]
[BlackTeam "Lustenau VII"]
[WhiteTeamCountry "AUT"]
[BlackTeamCountry "AUT"]

1. d4 d5 2. Nf3 e6 3. c4 c5 4. cxd5 exd5 5. e3 Nc6 6. Bb5 Nf6 7. O-O cxd4 8.
exd4 Be7 9. Ne5 Bd7 10. Qa4 O-O 11. Nxc6 bxc6 12. Bxc6 Bxc6 13. Qxc6 Rc8 14.
Qa6 Bd6 15. Nd2 Rc2 16. Qxa7 Bb8 17. Qa4 Qd6 18. Nf3 Rfc8 19. Qb3 Ng4 20. g3
Qd7 21. Be3 Qf5 22. Rac1 Bd6 23. Rxc2 Rxc2 24. a4 h5 25. a5 Rc8 26. Nh4 Qe4 27.
Ng2 Rb8 28. Qc3 Qe6 29. a6 Nf6 30. Ra1 Qd7 31. Bf4 Ra8 32. Bxd6 Qxd6 33. Qc5
Qd7 34. a7 Ne4 35. Qb6 Kh7 36. Qb8 Qc6 37. b4 Nd2 38. Ne3 Nb3 39. b5 Qc3 40.
Rf1 1-0

[Event "2. Bundesliga West 2005/2006"]
[Site "AUT"]
[Date "2005.12.03"]
[Round "4"]
[White "Sucher, Johannes"]
[Black "Webersberger, Johann"]
[Result "1-0"]
[WhiteElo "2228"]
[BlackElo "2258"]
[PlyCount "97"]
[EventDate "2005.10.??"]
[EventType "team"]
[EventRounds "11"]
[EventCountry "AUT"]
[WhiteTeam "Lustenau VII"]
[BlackTeam "Ranshofen IX"]
[WhiteTeamCountry "AUT"]
[BlackTeamCountry "AUT"]

1. d4 d6 2. Bg5 Nd7 3. Nd2 g6 4. e3 Bg7 5. Bd3 Ngf6 6. f4 c5 7. c3 cxd4 8. exd4
e6 9. Ngf3 O-O 10. O-O b6 11. Ne5 dxe5 12. fxe5 Nxe5 13. Be4 Ned7 14. Bxa8 Ba6
15. Bc6 Bxf1 16. Qxf1 Qc7 17. Qf3 Nb8 18. Ba4 Nd5 19. Bb3 Qd7 20. Re1 Nc6 21.
Ne4 Re8 22. Rf1 f5 23. Nd2 h6 24. Bh4 Kh7 25. Re1 b5 26. Bxd5 exd5 27. Rxe8
Qxe8 28. Kf1 Qe6 29. Qd3 b4 30. Nb3 bxc3 31. bxc3 Nb8 32. Nc5 Qb6 33. Bg3 Nc6
34. Qa6 h5 35. Qxb6 axb6 36. Na6 g5 37. Bd6 Kg6 38. Nc7 f4 39. Nxd5 Kf5 40.
Nxb6 Ke4 41. a4 g4 42. d5 Na5 43. Bb4 Nb3 44. c4 h4 45. d6 g3 46. h3 f3 47. Nd5
Bf8 48. Nc7 Ke3 49. c5 1-0

[Event "2. Bundesliga West 2005/2006"]
[Site "AUT"]
[Date "2005.12.04"]
[Round "5"]
[White "Dovzik, Juri"]
[Black "Juergens, Klaus"]
[Result "1-0"]
[WhiteElo "2405"]
[BlackElo "2183"]
[PlyCount "75"]
[EventDate "2005.10.??"]
[EventType "team"]
[EventRounds "11"]
[EventCountry "AUT"]
[WhiteTeam "Ranshofen IX"]
[BlackTeam "ASK Salzburg XI"]
[WhiteTeamCountry "AUT"]
[BlackTeamCountry "AUT"]

1. Nf3 Nf6 2. d4 g6 3. c4 Bg7 4. g3 O-O 5. Bg2 d6 6. O-O Nbd7 7. Nc3 e5 8. e4
a5 9. b3 exd4 10. Nxd4 Nc5 11. Re1 Ng4 12. f3 Ne5 13. Be3 f5 14. exf5 gxf5 15.
Nd5 Ned3 16. Re2 f4 17. Nxf4 Nxf4 18. Bxf4 Rxf4 19. gxf4 Qf6 20. Nc2 Bf5 21.
Qd5+ Kh8 22. Rae1 Bxc2 23. Rxc2 c6 24. Qd2 Rg8 25. Rd1 Qg6 26. Kh1 Ne6 27. Qd3
Qxd3 28. Rxd3 Nd4 29. Rcd2 c5 30. Re3 Bf6 31. Bh3 Bh4 32. Bd7 Rf8 33. Rg2 Bf6
34. Re8 Rxe8 35. Bxe8 Bg7 36. Bf7 h6 37. Bd5 b6 38. Rg6 1-0

[Event "2. Bundesliga West 2005/2006"]
[Site "AUT"]
[Date "2005.12.04"]
[Round "5"]
[White "Hackbarth, Wolfgang"]
[Black "Scheiblmaier, Robert"]
[Result "1/2-1/2"]
[WhiteElo "2135"]
[BlackElo "2159"]
[PlyCount "28"]
[EventDate "2005.10.??"]
[EventType "team"]
[EventRounds "11"]
[EventCountry "AUT"]
[WhiteTeam "Ranshofen IX"]
[BlackTeam "ASK Salzburg XI"]
[WhiteTeamCountry "AUT"]
[BlackTeamCountry "AUT"]

1. c4 e6 2. d4 d5 3. Nf3 c5 4. cxd5 exd5 5. e3 Nc6 6. Nc3 Nf6 7. Be2 a6 8. O-O
Bd6 9. dxc5 Bxc5 10. b3 O-O 11. Bb2 Ba7 12. Rc1 Qd6 13. Qc2 Bg4 14. Rfd1 h6
1/2-1/2

[Event "2. Bundesliga West 2005/2006"]
[Site "AUT"]
[Date "2005.12.04"]
[Round "5"]
[White "Loeffler, Christoph"]
[Black "Bensch, Patrick"]
[Result "1/2-1/2"]
[WhiteElo "2177"]
[BlackElo "2293"]
[PlyCount "100"]
[EventDate "2005.10.??"]
[EventType "team"]
[EventRounds "11"]
[EventCountry "AUT"]
[WhiteTeam "ASK Salzburg XI"]
[BlackTeam "Ranshofen IX"]
[WhiteTeamCountry "AUT"]
[BlackTeamCountry "AUT"]

1. e4 c5 2. Nc3 Nc6 3. f4 g6 4. Nf3 Bg7 5. Bc4 e6 6. f5 Nge7 7. fxe6 fxe6 8.
O-O O-O 9. d3 d5 10. Bb3 Na5 11. Bg5 Nxb3 12. axb3 dxe4 13. dxe4 Qxd1 14. Rfxd1
Nc6 15. Na4 Rb8 16. Nxc5 Bxb2 17. Ra2 Bc3 18. Na4 Bg7 19. c4 e5 20. Nc5 Rf7 21.
Re2 Bg4 22. Rf2 Rbf8 23. Rd6 Nd4 24. Be3 Nxf3+ 25. gxf3 Rxf3 26. Rxf3 Rxf3 27.
Bf2 b6 28. Nd3 Kf7 29. c5 bxc5 30. Bxc5 Bh3 31. Bf2 Ke7 32. Rd5 Be6 33. Nxe5
Rxb3 34. Nc6+ Ke8 35. Rd8+ Kf7 36. Bxa7 Rb1+ 37. Kg2 Rb2+ 38. Kg3 Rc2 39. Rd6
Rc3+ 40. Kf4 Bh6+ 41. Ke5 Bg7+ 42. Kf4 Bh3 43. Nd8+ Ke7 44. Rd5 h6 45. Be3 g5+
46. Kf3 Bd7 47. e5 Rc8 48. Bb6 Rc6 49. Rxd7+ Kxd7 50. Nxc6 Kxc6 1/2-1/2

[Event "2. Bundesliga West 2005/2006"]
[Site "AUT"]
[Date "2005.12.04"]
[Round "5"]
[White "Navratil, Robert"]
[Black "Ager, Josef"]
[Result "1/2-1/2"]
[WhiteElo "2133"]
[BlackElo "2246"]
[PlyCount "24"]
[EventDate "2005.10.??"]
[EventType "team"]
[EventRounds "11"]
[EventCountry "AUT"]
[WhiteTeam "ASK Salzburg XI"]
[BlackTeam "Ranshofen IX"]
[WhiteTeamCountry "AUT"]
[BlackTeamCountry "AUT"]

1. e4 e5 2. Nc3 Nc6 3. g3 Bc5 4. Bg2 a6 5. d3 Nf6 6. h3 d6 7. Nf3 h6 8. O-O Be6
9. Be3 Qd7 10. Kh2 O-O 11. d4 exd4 12. Nxd4 Nxd4 1/2-1/2

[Event "2. Bundesliga West 2005/2006"]
[Site "AUT"]
[Date "2005.12.04"]
[Round "5"]
[White "Webersberger, Johann"]
[Black "Teufl, Siegfried"]
[Result "1/2-1/2"]
[WhiteElo "2258"]
[BlackElo "2184"]
[PlyCount "27"]
[EventDate "2005.10.??"]
[EventType "team"]
[EventRounds "11"]
[EventCountry "AUT"]
[WhiteTeam "Ranshofen IX"]
[BlackTeam "ASK Salzburg XI"]
[WhiteTeamCountry "AUT"]
[BlackTeamCountry "AUT"]

1. e4 e5 2. Nf3 Nc6 3. Bb5 Nd4 4. Nxd4 exd4 5. O-O c6 6. Ba4 d6 7. d3 a5 8. c3
dxc3 9. Nxc3 Be7 10. Nd5 b5 11. Nxe7 Nxe7 12. Bc2 O-O 13. Be3 Be6 14. f3
1/2-1/2